Textilní zbožíznalství. Část 1., Vlákenné suroviny, nitě, tkaniny /

Hlavní autor: Staněk, Jaroslav, 1932-2015
Další autoři: Pařilová, Hana, 1957-
Jazyk: Čeština
Vydáno: Liberec : Technická univerzita v Liberci, 1996
Vydání: Vyd. 1.
Edice: Učební texty pro distanční studium oboru Textilní marketing
Témata:
Fyzický popis: 118 s. : mapa ; 29 cm
Knihy
Uloženo v:
LEADER 01439nam a2200313 a 4500
001 000058873
003 CZ BrMZK
005 20020522153457.0
008 960226s1996 xr f cze d
020 |a 80-7083-192-8 
040 |a BOA001  |b cze 
080 |a 620.2:677.1/.5(075.8)  |2 MRF 
080 |a 677.1/.5:620.2(075.8)  |2 MRF 
100 1 |a Staněk, Jaroslav,  |d 1932-2015  |7 jx20031130129  |4 aut 
245 1 0 |a Textilní zbožíznalství.  |n Část 1.,  |p Vlákenné suroviny, nitě, tkaniny /  |c Jaroslav Staněk, Hana Pařilová 
246 3 0 |a Vlákenné suroviny, nitě, tkaniny 
250 |a Vyd. 1. 
260 |a Liberec :  |b Technická univerzita v Liberci,  |c 1996 
300 |a 118 s. :  |b mapa ;  |c 29 cm 
490 1 |a Učební texty pro distanční studium oboru Textilní marketing 
500 |a Určeno pro posl. fak. textilní Technické univerzity v Liberci 
653 0 |a textilie  |a vlákna  |a zbožíznalství 
700 1 |a Pařilová, Hana,  |d 1957-  |7 xx0004436  |4 aut 
830 0 |a Učební texty pro distanční studium oboru Textilní marketing 
910 |a BOA001  |b TK-A-0258.198,1 
990 |a BK 
996 7 |b 2620002826  |c TK-A-0258.198/1  |l MZK  |r Sklad / do 24 hodin  |n 12  |p dar  |w 000058873  |u 000010  |a 1  |e BOA001  |j MZK50  |s A 
996 7 |b 2620002827  |c TK-A-0258.198/1  |l MZK  |r Sklad / do 24 hodin  |n 2  |p dar  |w 000058873  |u 000020  |a 1  |e BOA001  |j MZK50  |s A 
996 7 |b 2620002891  |c TK-A-0258.198/1  |l MZK  |r Sklad / do 24 hodin  |n 7  |p dar  |w 000058873  |u 000030  |a 1  |e BOA001  |j MZK50  |s A